Statistiques concernant Clubs de Serie B

Cliquez ici pour prendre le quiz!

Statistiques générales

  • Ce quiz a été pris 27 fois
  • Le résultat moyen est 9 sur 18

Statistiques - réponses

Réponse% Correct
UC Sampdoria
100%
Venise FC
100%
Parme Calcio
96%
Palerme FC
81%
SSC Bari
77%
Spezia Calcio
69%
US Cremonese
65%
Côme 1907
62%
Pise SC
54%
Modène FC
42%
Ascoli Calcio
38%
AS Cittadella
35%
AC Reggiana
27%
Cosenza Calcio
27%
FC Sudtirol
19%
US Catanzaro
19%
Ternana Calcio
12%
Feralpisalo
8%

Distribution des résultats

Percentile par nombre de réponses

% des personnes avec chaque résultat

Votre développement - résultats

Vous n’avez pas pris ce quiz